Mecanismos de la posverdad / (Record no. 22429)

000 -CABECERA
campo de control de longitud fija 01223nam a22002897a 4500
003 - IDENTIFICADOR DEL NÚMERO DE CONTROL
campo de control OSt
005 - FECHA Y HORA DE LA ÚLTIMA TRANSACCIÓN
campo de control 20220613100316.0
008 - DATOS DE LONGITUD FIJA--INFORMACIÓN GENERAL
campo de control de longitud fija 180228s2017 pe 000 0 spa
020 ## - NÚMERO INTERNACIONAL ESTÁNDAR DEL LIBRO
Número Internacional Estándar del Libro 9786124395062
040 ## - FUENTE DE LA CATALOGACIÓN
Centro/agencia transcriptor Biblioteca Municipal de Cusco
082 ## - NÚMERO DE LA CLASIFICACIÓN DECIMAL DEWEY
Número de clasificación 302.23/F79
Notación interna F79
100 ## - ENTRADA PRINCIPAL--NOMBRE DE PERSONA
Nombre de persona Fowks, Jacqueline
Fechas asociadas al nombre 1968-
Término indicativo de función/relación autor
9 (RLIN) 48138
245 ## - MENCIÓN DE TÍTULO
Título Mecanismos de la posverdad /
Mención de responsabilidad, etc. Jacqueline Fowks
250 ## - MENCIÓN DE EDICIÓN
Mención de edición Segunda edición, primera reimpresión
260 ## - PUBLICACIÓN, DISTRIBUCIÓN, ETC.
Lugar de publicación, distribución, etc. Lima :
Nombre del editor, distribuidor, etc. Fondo de Cultura Económica del Perú,
-- CISEPA,
Fecha de publicación, distribución, etc. 2020.
300 ## - DESCRIPCIÓN FÍSICA
Extensión 183 páginas. :
Dimensiones 21 cm.
490 ## - MENCIÓN DE SERIE
Mención de serie Comunicación
504 ## - NOTA DE BIBLIOGRAFÍA, ETC.
Nota de bibliografía, etc. Incluye referencias bibliográficas.
650 ## - PUNTO DE ACCESO ADICIONAL DE MATERIA--TÉRMINO DE MATERIA
Término de materia o nombre geográfico como elemento de entrada Medios de comunicación de masas
Subdivisión general Aspectos sociales
-- Aspectos políticos
Subdivisión geográfica América Latina
9 (RLIN) 48139
650 ## - PUNTO DE ACCESO ADICIONAL DE MATERIA--TÉRMINO DE MATERIA
Término de materia o nombre geográfico como elemento de entrada Periodismo
Subdivisión general Objetividad
9 (RLIN) 48140
650 ## - PUNTO DE ACCESO ADICIONAL DE MATERIA--TÉRMINO DE MATERIA
Término de materia o nombre geográfico como elemento de entrada Periodistas
Subdivisión general Ética profesional
Subdivisión geográfica América Latina
9 (RLIN) 48141
650 ## - PUNTO DE ACCESO ADICIONAL DE MATERIA--TÉRMINO DE MATERIA
Término de materia o nombre geográfico como elemento de entrada Periodismo digital
Subdivisión geográfica América Latina
9 (RLIN) 48142
650 ## - PUNTO DE ACCESO ADICIONAL DE MATERIA--TÉRMINO DE MATERIA
Término de materia o nombre geográfico como elemento de entrada Prensa y política
Subdivisión geográfica América Latina
9 (RLIN) 48143
710 ## - PUNTO DE ACCESO ADICIONAL--NOMBRE DE ENTIDAD CORPORATIVA
Nombre de entidad corporativa o nombre de jurisdicción como elemento de entrada Fondo de Cultura Económica (Perú)
9 (RLIN) 45173
710 ## - PUNTO DE ACCESO ADICIONAL--NOMBRE DE ENTIDAD CORPORATIVA
Nombre de entidad corporativa o nombre de jurisdicción como elemento de entrada Pontificia Universidad Católica del Perú
Unidad subordinada Centro de Investigaciones Sociológicas, Económicas, Políticas y Antropológicas
9 (RLIN) 48144
942 ## - ELEMENTOS DE PUNTO DE ACCESO ADICIONAL (KOHA)
Fuente del sistema de clasificación o colocación
Tipo de ítem Koha Libros-BMC
Holdings
Estado de retiro Estado de pérdida Fuente del sistema de clasificación o colocación Estado dañado No para préstamo Localización permanente Ubicación/localización actual Ubicación en estantería Fecha de adquisición Fuente de adquisición Coste, precio normal de compra Signatura topográfica completa Código de barras Fecha visto por última vez Precio válido a partir de Tipo de ítem Koha
          Sala Humanidades Sala Humanidades Book Cart 2022-06-13 Donación 49.00 302.23/F79 SH0000016305 2022-06-13 2022-06-13 Libros-BMC
          Sala Humanidades Sala Humanidades Book Cart 2022-06-13 Donación 49.00 302.23/F79/e.2 SH0000016306 2022-06-13 2022-06-13 Libros-BMC

Powered by Koha